ILLIT Discography - Statistics

General Stats
  • This quiz has been taken 49 times
    42 since last reset
  • The average score is 17 of 20
Answer Stats
Answer % Correct
Tick-Tack
100%
Almond Chocolate
96%
Jellyous
96%
Magnetic
96%
Midnight Fiction
96%
Cherish (My Love)
92%
Lucky Girl Syndrome
92%
My World
92%
Oops!
92%
Pimple
92%
Billyeoon Goyangi (Do the Dance)
88%
I'll Like You
88%
little monster
88%
Toki Yo Tamare
85%
IYKYK (If You Know You Know)
81%
Topping
81%
Bamsopoong!
77%
NOT CUTE ANYMORE
65%
NOT ME
62%
Secret Quest
42%
No matching quizzes found
Score Distribution
Percent of People with Each Score
Percentile by Number Answered
Your Score History
You have not taken this quiz since the last reset